Sports Quiz

Random Sports or Soccer Quiz
Score 0/73 Timer 15:00
0 Plays Today
Goals Player % Correct
117Ronaldo
96.3%
215Lionel Messi
95.7%
146Cristiano Ronaldo
93.8%
162Samuel Eto'o
87.8%
234Hugo Sánchez
79.3%
156Ferenc Puskás
75.4%
128Diego Forlán
74.2%
227Alfredo Di Stéfano
70.3%
56Lage Sánchez
70.1%
107Rivaldo
69.8%
83Hristo Stoichkov
67.6%
69Ronaldinho
64.3%
50Ruud Van Nistelrooy
63.3%
114Davor Suker
60.8%
54Karim Benzema
58.5%
91Patrick Kluivert
57.4%
106Gonzalo Higuaín
55.3%
68Luís Figo
52.9%
89Frédéric Kanouté
52.5%
76Sergio Agüero
50.5%
53Radamel Falcao
50%
52Michael Laudrup
49.1%
98Iván Zamorano
42.9%
85Predrag Mijatović
41.6%
100Roy Makaay
40.1%
86Bebeto
37.3%
76Nihat Kahveci
36.8%
72Luís Fabiano
35.2%
70Javier Saviola
34.9%
92Darko Kovačević
33%
91Savo Milošević
32.3%
138László Kubala
28.5%
87Bernd Schuster
26.8%
67Ronald Koeman
26.2%
126Mario Kempes
26%
129Lyuboslav Penev
23.9%
54Giuseppe Rossi
23%
Goals Player % Correct
104Cayetano Ré
22.2%
77Julio Dely Valdés
19.7%
58Maxi Rodríguez
19%
68Valery Karpin
18.6%
82Walter Pandiani
18.4%
53Diego Milito
18.1%
63Júlio Baptista
18%
83Toni Polster
17.3%
55Aleksandr Mostovoi
17.3%
105Meho Kodro
16.3%
87Jorge Valdano
11.9%
58Ricardo Oliveira
9.6%
74Juan Esnáider
6.6%
62Eulogio Martínez
5.3%
66Baltazar Maria de Morais Júnior
5.2%
63Gus Poyet
5%
68Vladimir Gudelj
4.8%
53Alen Peternac
4.4%
63Edu
4.3%
79Juan Romero
3.4%
115Waldo Machado
2.5%
82Evaristo de Macedo
1.8%
67José Zalazar
1.5%
85Carlos Diarte
1.3%
57Juan Seminario
1.1%
76Orlando Jiménez
1.1%
58Larbi Benbarek
1.1%
56Raúl Vicente Amarilla
0.9%
61Roque Olsen
0.8%
86Carlos Morete
0.5%
54Enzo Ferrero
0.4%
57Saturnino Arrúa
0.4%
70Jorge Alberto Mendonça
0.3%
53Héctor Scotta
0.2%
53Ramón Villaverde
0.1%
55José Dieguez
0%
Come Together.
Have Fun.
All Virtual.
We all need to come together. Play Sporcle's virtual live trivia to have fun, connect with people, and get your trivia on. Join a live hosted trivia game for your favorite pub trivia experience done virtually. If a virtual private party is more your thing, go here for details.

You're not logged in!

Compare scores with friends on all Sporcle quizzes.
OR
Log In

Sporcle TV

Today on Sporcle TV


Watch our educational content, quiz creation guides, and fun videos on Sporcle TV.

Show Comments

Extras

Top Quizzes Today


Score Distribution

Paid Content

Your Account Isn't Verified!

In order to create a playlist on Sporcle, you need to verify the email address you used during registration. Go to your Sporcle Settings to finish the process.

Report this User

Report this user for behavior that violates our Community Guidelines.

Details: